High School Musical: The Musical: The SERIES The CHARACTERS! - Statistics

General Stats
  • This quiz has been taken 138 times
  • The average score is 10 of 15
Answer Stats
Hint Answer % Correct
Main Girl Nini
97%
Main Guy Ricky
97%
Antagonist Guy E.J.
94%
Antagonist Girl Gina
91%
Musical Teacher Miss Jenn
80%
Bff of Main Guy Big Red
79%
Cousin Ashlyn
77%
Dancer Carlos
77%
Bff of Main Girl Kourtney
77%
Sweet Sharpay Seb
74%
Robotics Teacher Mr. Mazzara
58%
Played Ryan in the High School Musical Trilogy Lucas Grabeel
44%
Emotional Support Animal Girl Natalie
29%
Played Ryan in the Play Rico
13%
Father of Main Guy Dave
3%
No matching quizzes found
Score Distribution
Percent of People with Each Score
Percentile by Number Answered
Your Score History
You have not taken this quiz